Southville International School and Colleges
Your cart is empty.
  • Cart
  • Lists
    Public lists Eva Luna New books Lux_list list_1
    Your lists Log in to create your own lists
  • Log in to your account
  • Your cookies
  • Search history
Southville International School and Colleges
  • Advanced search
  • Recent comments
  • Most popular
  • Libraries

Log in to your account

Log in with GOOGLE


If you do not have an external account, but do have a local account, you can still log in:

  1. Home
  2. MARC view: International tourism :
Normal view MARC view ISBD view

International tourism : (Record no. 15943)

[ view plain ]
MARC details
000 -LEADER
fixed length control field 00609nam a22002057a 4500
003 - CONTROL NUMBER IDENTIFIER
control field OSt
005 - DATE AND TIME OF LATEST TRANSACTION
control field 20160229130411.0
008 - FIXED-LENGTH DATA ELEMENTS--GENERAL INFORMATION
fixed length control field 130213t xxu||||| |||| 00| 0 eng d
020 ## - INTERNATIONAL STANDARD BOOK NUMBER
International Standard Book Number 9780750678971
050 ## - LIBRARY OF CONGRESS CALL NUMBER
Classification number G 155.A1
Item number .R377 2009
100 ## - MAIN ENTRY--PERSONAL NAME
Personal name Reisinger, Yvette.
245 ## - TITLE STATEMENT
Title International tourism :
Remainder of title cultures and behavior /
Statement of responsibility, etc Yvette Reisinger.
260 ## - PUBLICATION, DISTRIBUTION, ETC. (IMPRINT)
Place of publication, distribution, etc Amsterdam :
Name of publisher, distributor, etc Elsevier Inc.,
Date of publication, distribution, etc 2009.
300 ## - PHYSICAL DESCRIPTION
Extent 429 pages :
Other physical details illustrations ;
Dimensions 23 cm.
500 ## - GENERAL NOTE
General note Includes bibliographical references and index.
650 ## - SUBJECT ADDED ENTRY--TOPICAL TERM
Topical term or geographic name as entry element Tourism.
942 ## - ADDED ENTRY ELEMENTS (KOHA)
Source of classification or shelving scheme Library of Congress Classification
Koha item type Books
Call number prefix Foreign
Holdings
Withdrawn status Lost status Source of classification or shelving scheme Damaged status Home library Current library Shelving location Date acquired Total Checkouts Full call number Barcode Date last seen Copy number Price effective from Koha item type Source of acquisition
    Library of Congress Classification   College Library College Library General Circulation Section 02/13/2013   G 155.A1 .R377 2009 C16181 05/15/2018 1 02/13/2013 Books  
    Library of Congress Classification   College Library College Library General Circulation Section 01/13/2014   G 155.A1 .R377 2009 C13751 05/15/2018 1 01/13/2014 Books Library Fund

International tourism :

APA

Reisinger Y., . (2009). International tourism. Amsterdam: Elsevier Inc.

Chicago

Reisinger Yvette, . 2009. International tourism. Amsterdam: Elsevier Inc.

Harvard

Reisinger Y., . (2009). International tourism. Amsterdam: Elsevier Inc.

MLA

Reisinger Yvette, . International tourism. Amsterdam: Elsevier Inc. 2009.

  • Place hold
  • Print
  • Cite
  • Add to your cart (remove)
  • Save record
    BIBTEX Dublin Core MARCXML MARC (non-Unicode/MARC-8) MARC (Unicode/UTF-8) MARC (Unicode/UTF-8, Standard) MODS (XML) RIS
  • More searches
    Search for this title in:
    Other Libraries (WorldCat) Other Databases (Google Scholar) Online Stores (Bookfinder.com) Open Library (openlibrary.org)

Exporting to Dublin Core...

SOUTHVILLE LIBRARY

Southville International School and Colleges Library

1281 Tropical Ave. Cor. Luxembourg St., BF Homes International, Las Pinas City

Tel. No. 8256374 / 252358 Loc. 117/146

Powered by Koha